000 00311nam a22001337a 4500
999 _c534289
_d534289
020 _a9695037135
040 _cMSOHAIL
082 _a891.439301
100 _aMumtaz Mufti
_9370
245 _aRoghani Putlay / روغنی پتلے
260 _aLahore
_bAl-Faisal
_cc2008
300 _a224;p
942 _2ddc
_cBK